| 000 | 01135cam a22003257a 4500 | ||
|---|---|---|---|
| 003 | CHAP | ||
| 005 | 20220329141421.0 | ||
| 008 | 971013s1981 r 00010 d | ||
| 010 | _a67814 | ||
| 011 | _a68786 | ||
| 035 | _a78260 | ||
| 040 | _cCHAP | ||
| 090 | _aTesis | ||
| 100 | 0 | 0 |
_aGutiérrez Villanueva, Sergio Ernesto. _951860 |
| 245 | 0 | _aContribución al estudio de las técnicas de transferencia de embriones en bovinos | |
| 260 |
_a[Monterrey, N. L.] : _bEl autor, _c1981 |
||
| 300 | _a87 h., ilus. | ||
| 502 | _aTesis (Ing. Agrónomo Esp. en Zootecnia) -- ITESM. División de Ciencias Agropecuarias y Marítimas | ||
| 590 |
_aALEPH _b10 _c20130110 _lUCH01 _h1403 |
||
| 590 |
_aBATCH-UPD _b10 _c20130110 _lUCH01 _h0816 |
||
| 590 |
_aBATCH-UPD _b10 _c20130410 _lUCH01 _h0453 |
||
| 590 |
_aBATCH-UPD _b10 _c20130914 _lUCH01 _h1259 |
||
| 590 |
_aCONVERSION _b10 _c20130109 _lUCH01 _h1337 |
||
| 650 | 1 | 4 |
_aEmbriología _xGanado vacuno. _936490 |
| 650 | 1 | 4 |
_aGanado vacuno _xFecundidad. _945466 |
| 650 | 1 | 4 |
_aGanado vacuno _xReproducción. _945510 |
| 901 | _aBK | ||
| 942 | _cTESIS | ||
| 949 |
_bBC _cTES _d-31134 _eTS1 _h18479 _i78260 _si |
||
| 999 |
_c67814 _d67814 |
||